[Event "SuperChess Cup Rapid 2019"]
[Site "Bucharest"]
[Date "2019.11.07"]
[Round "4.5"]
[White "Miron, Lucian-Costin"]
[Black "Georgescu, Tiberiu-Marian"]
[Result "1-0"]
[WhiteElo "2490"]
[BlackElo "2508"]
[Annotator "TA"]
[PlyCount "89"]
[EventDate "2019.11.06"]
[EventType "tourn"]
[EventCountry "ROU"]
[SourceTitle "playchess.com"]
[Source "ChessBase"]
[SourceQuality "1"]

{[%evp 16,89,36,14,21,32,40,24,22,10,12,16,27,34,52,0,12,12,47,29,57,38,40,47,115,102,77,93,136,77,81,82,57,-11,16,11,13,22,12,18,36,-35,-39,-41,35,-33,-30,-30,-13,-75,18,-36,0,0,0,0,419,181,182,162,328,318,302,225,1001,996,1083,1083,1587,1094,29988,29987,29989,29990,29990,29991]} 1. e4 d6 2. d4 Nf6 3. Nc3 e5 4. Nf3 Nbd7 5. Bc4 Be7 6. O-O O-O 7. a4 c6 8. a5 Qc7 9. Re1 exd4 {C41: Philidor Defence} (9... h6 10. h3 Re8 11. Be3 Nf8 12. Bb3 Be6 13. Ba4 Red8 14. Qd3 Ng6 15. b4 d5 16. exd5 Nxd5 17. Nxd5 Bxd5 {1-0 (30) Guseinov,G (2664)-Maslak,K (2555) St Petersburg 2018}) 10. Nxd4 Ne5 11. Bf1 Re8 {White has an edge.} 12. h3 Ng6 13. Be3 Bf8 14. Bg5 Nd7 15. h4 $146 (15. Nf5 $14) ({Predecessor:} 15. Qd2 h6 16. Be3 {0-1 (38) Debray,C (2356)-Taddei,B (2374) Haguenau 2013}) 15... h6 16. h5 $36 {[%mdl 2048] White fights for an advantage.} Nge5 17. Bh4 $1 Nc5 18. f4 Ng4 19. Be2 Ne3 (19... Nf6 $14) 20. Qd2 $16 Ng4 21. Bf3 Be7 22. Bg3 (22. Bxe7 $142 Qxe7 23. b4) 22... Bd7 23. b4 {[#] Nf5 is the strong threat.} Na6 24. Na2 (24. Rab1 $14) 24... Qd8 25. Nf5 Bxf5 $1 26. exf5 Nf6 27. b5 Nb8 28. a6 (28. Nc3 $14) 28... bxa6 $15 29. bxc6 d5 (29... Nxc6 $15 30. Bf2 d5) 30. c4 (30. Nc3 $1 $14 Nxc6 31. Nxd5 Nxd5 32. Qxd5 (32. Bxd5 Nb4 $11)) 30... Nxc6 31. cxd5 Rc8 {Threatens to win with ...Nd4!} 32. Kh2 (32. Rac1 $11) 32... Bf8 (32... Bc5 $17 {And now ...Rxe1 would win.} 33. Rxe8+ Nxe8) 33. Rad1 ({White should play} 33. Rxe8 $11 Nxe8 34. Be1) 33... Rxe1 34. Bxe1 Ne7 35. g4 Nfxd5 $2 {[%mdl 8192]} (35... Rc4 $1 $11 {and Black is okay.}) 36. Bxd5 ({Don't play} 36. Nb4 Qc7 $18) (36. Nc3 $142) 36... Nxd5 $18 37. Nc3 Rxc3 $2 (37... Bb4 {was necessary.} 38. Qxd5 Qe7) 38. Qxc3 {[%mdl 64] [#] Black must now prevent Qe5. Pin} Bd6 39. Qf3 Qc7 $2 (39... Nxf4 40. Bg3 Qb8 41. Rxd6 Qxd6) 40. Qxd5 Bxf4+ 41. Kh3 {Strongly threatening Qa8+.} Qc2 42. Bg3 Bg5 43. Re1 {White mates.} Qa4 44. Qa8+ Kh7 45. Re8 {Accuracy: White = 47%, Black = 29%.} 1-0

[Event "SuperChess Cup Rapid 2019"]
[Site "Bucharest"]
[Date "2019.11.07"]
[Round "5.1"]
[White "Georgescu, Tiberiu-Marian"]
[Black "Istratescu, Andrei"]
[Result "0-1"]
[WhiteElo "2508"]
[BlackElo "2564"]
[Annotator "TA"]
[PlyCount "82"]
[EventDate "2019.11.06"]
[EventType "tourn"]
[EventCountry "ROU"]
[SourceTitle "playchess.com"]
[Source "ChessBase"]
[SourceQuality "1"]

{[%evp 17,82,41,37,33,30,31,62,69,69,70,69,69,69,69,60,42,32,45,52,0,-12,-29,-18,-28,92,45,45,6,8,0,0,0,0,0,0,0,0,-121,55,0,0,-6,-8,-427,-269,-240,-213,-580,-585,-582,-577,-572,-579,-576,-538,-826,-818,-1180,-1153,-1510,-1488,-1914,-1824,-1750,-1489,-1334,-1328]} 1. d4 Nf6 2. c4 g6 3. Nc3 Bg7 4. e4 d6 5. Nf3 O-O 6. Be2 c5 7. d5 e6 8. O-O exd5 9. exd5 Re8 10. Bg5 {E91: King's Indian: Classical: 6 Be2, unusual replies including 6...c5 and 6...Bg4} (10. h3 Bf5 11. Re1 Na6 12. g4 Bd7 13. Bg5 h6 14. Bh4 Qb6 15. Qd2 Ne4 16. Nxe4 Rxe4 17. Bd3 Ree8 18. Bg3 Nb4 {½-½ (74) Lysyj,I (2635)-Pantsulaia,L (2611) Skopje 2019}) 10... h6 11. Be3 Rxe3 12. fxe3 {White is slightly better.} Qe7 $146 ({Predecessor:} 12... Ng4 13. Qd2 Qe7 14. Bd3 Nd7 15. Rae1 a6 16. a4 h5 17. a5 Rb8 18. Nd1 {½-½ (47) Valdes,L (2300)-Aldama Degurnay,D (2141) Cuba 1993}) 13. Bd3 Ng4 14. Qe2 Nd7 15. Rae1 h5 16. Nd1 Nde5 17. h3 Nxf3+ 18. gxf3 (18. Rxf3 $14 Ne5 19. Rf4) 18... Ne5 $11 {aiming for ...Qh4.} 19. Nf2 Qh4 {...Qg3+ is the strong threat.} 20. Kg2 g5 (20... Nxd3 $11 {keeps the balance.} 21. Qxd3 Bxb2) 21. Rh1 f5 22. Reg1 Bd7 23. Kf1 Rf8 24. b3 a6 25. a4 f4 $36 {[%mdl 2048] Threatens to win with ...fxe3. Black has good play.} 26. e4 Re8 27. Bc2 {[#]} (27. Rg2 $11 {remains equal.}) 27... Nf7 $2 (27... b5 $1 $17 {[%mdl 512]} 28. Ng4 (28. cxb5 axb5 29. Ng4 Nf7 $17) (28. axb5 axb5) 28... bxc4 29. bxc4 Nf7) 28. Rg2 (28. Qe1 $14) 28... Bd4 29. a5 Ne5 30. Ke1 $2 {[%mdl 8192]} (30. Bd1 $11 {and White has nothing to worry.}) 30... g4 31. Kd1 {[%cal Rh3g4]} Bxf2 32. Qxf2 $2 (32. Rxf2 gxf3 33. Qe1) 32... Qxf2 $19 {Black is clearly winning.} 33. Rxf2 {Black must now prevent fxg4.} g3 34. Re2 Rf8 35. h4 Nxf3 36. e5 Nxe5 37. Kd2 f3 38. Re3 g2 39. Rg1 Bh3 40. Be4 Kh8 41. Rb1 f2 {Accuracy: White = 29%, Black = 65%.} 0-1

[Event "SuperChess Cup Rapid 2019"]
[Site "Bucharest"]
[Date "2019.11.07"]
[Round "5.2"]
[White "Lupulescu, Constantin"]
[Black "Miron, Lucian-Costin"]
[Result "1-0"]
[WhiteElo "2643"]
[BlackElo "2490"]
[Annotator "TA"]
[PlyCount "87"]
[EventDate "2019.11.06"]
[EventType "tourn"]
[EventCountry "ROU"]
[SourceTitle "playchess.com"]
[Source "ChessBase"]
[SourceQuality "1"]

{[%evp 17,86,0,0,7,28,27,52,54,69,22,25,19,28,25,62,36,51,30,44,35,42,0,0,0,0,0,0,0,0,-22,0,0,0,0,14,0,0,0,0,-8,-8,-8,-8,-8,4,0,0,-8,-8,-9,-16,-39,7,5,8,8,16,16,17,17,26,16,35,16,16,16,17,17,17,17,29999]} 1. e4 e5 2. Nf3 Nc6 3. Bc4 Bc5 4. c3 Nf6 5. d4 exd4 6. e5 d5 7. Bb5 Ne4 8. cxd4 Bb6 9. Nc3 O-O 10. Be3 {C54: Giuoco Piano: 4 c3 Nf6, main lines with 5 d4 and 5 d3} f6 11. Qb3 Nxc3 12. Bxc6 $1 {White is slightly better.} Ba5 $146 ({Predecessor:} 12... bxc6 13. Qxc3 Bg4 14. exf6 Qxf6 15. Ne5 Bf5 16. O-O Rae8 17. b4 Qh4 {1-0 (36) Anton Guijarro,D (2642)-Amin,B (2710) St Petersburg 2018}) 13. bxc3 (13. Qa3 {with more complications.} Ne4+ 14. Qxa5 bxc6 15. O-O Rb8 16. exf6 Qxf6 17. Rab1) 13... bxc6 14. exf6 Qxf6 15. O-O Bf5 16. Ne5 (16. Qa3 $5 {[%cal Ra3a5]} Bb6 17. Bg5 $14) 16... Rab8 17. Qa4 Bxc3 {[#] White must now prevent ...c5.} 18. Rac1 Bb4 $1 19. Rxc6 Bd6 20. Ra6 Qh4 21. Rxa7 Qe4 22. h3 h6 23. Rc1 Rb1 24. Rxb1 $1 Qxb1+ 25. Kh2 Qe4 26. Ra8 Rxa8 27. Qxa8+ Kh7 28. Qc6 Bxe5+ 29. dxe5 Qxe5+ 30. Kg1 Qa1+ 31. Kh2 Qe5+ 32. Kg1 d4 33. Bd2 Be4 34. Qc4 Bd5 35. Qc5 Qe4 $132 {[%csl Gd5][%cal Re4g2][%mdl 2048] [#] Black is not keeping still} 36. f3 Qb1+ 37. Kh2 Qxa2 38. Qxd4 {Threatening mate with Bc3.} Qc4 39. Qe3 Bf7 40. Bc3 {And now Qe5 would win.} Qe6 {The position is equal.} 41. Qf4 c5 42. Qg3 {[%csl Gc3][%cal Rg3g7]} Qg6 43. Qe5 Qh5 $2 {[%mdl 8192] Accuracy: White = 74%, Black = 31%.} (43... Qg5 $11) 44. Qxg7# 1-0

[Event "SuperChess Cup Rapid 2019"]
[Site "Bucharest"]
[Date "2019.11.07"]
[Round "5.3"]
[White "David, Alexandru-Vasile"]
[Black "Parligras, Mircea-Emilian"]
[Result "1/2-1/2"]
[WhiteElo "2424"]
[BlackElo "2629"]
[Annotator "TA"]
[PlyCount "172"]
[EventDate "2019.11.06"]
[EventType "tourn"]
[EventCountry "ROU"]
[SourceTitle "playchess.com"]
[Source "ChessBase"]
[SourceQuality "1"]

{[%evp 12,172,0,-5,-6,-133,-136,-130,-123,-159,-132,-177,-168,-162,-179,-181,-156,-157,-152,-154,-170,-154,-157,-160,-160,-171,-158,-156,-118,-133,-114,-141,-130,-130,-128,-143,-141,-143,-135,-137,-137,-143,-141,-157,-157,-213,-208,-204,-188,-188,-171,-269,-273,-277,-277,-272,-266,-257,-185,-158,-23,-23,-23,-23,-23,-23,-23,-23,-23,-23,0,0,0,-23,-23,-23,0,-23,0,0,0,-23,-23,-23,-23,-23,-23,-23,0,-23,-23,-23,-23,-23,-23,-23,-23,-23,-23,-23,-23,-23,-23,-23,-16,-16,-16,-16,-16,-21,-16,-23,-16,-23,-23,-23,-23,-31,-31,-31,-31,-31,-23,-23,-23,-31,-31,-31,-31,-31,-31,-35,-31,-31,-31,-38,-38,-38,-38,-38,-38,-38,-31,-31,-16,-16,-16,-16,0,0,0,-18,0,0,0,-101,-101,-101,-101,-101,-101,-101,-101]} 1. d4 Nf6 2. Nf3 d5 3. c4 e6 4. Nc3 Bb4 5. Qa4+ Nc6 {[%cal Bb8c6,Bc6d4,Bd4f3][%mdl 32]} 6. Bg5 dxc4 7. e3 Bd7 {D39: Queen's Gambit Declined: Ragozin Defence with 5 Bg5 dxc4} 8. Bxc4 {[#]} (8. Qc2 $11 {keeps the balance.}) (8. Qc2 Na5 9. Ne5 c5 10. O-O-O Nc6 11. Bxf6 gxf6 12. Nxd7 Qxd7 13. dxc5 Qe7 14. Ne4 Bxc5 15. Bxc4 {1-0 (24) Duda,J (2730)-Giri,A (2780) chess.com INT 2019}) 8... Nxd4 $146 {[%mdl 512]} ({Predecessor:} 8... Bxc3+ 9. bxc3 Nxd4 10. Qd1 Nc6 11. O-O h6 12. Bh4 Qe7 13. Rb1 b6 14. Ba6 Rd8 15. Bb5 O-O 16. Qa4 Na5 17. Ne5 Bxb5 18. Qxb5 Rd5 19. Bxf6 gxf6 20. Nc6 Qe8 {0-1 (20) Gonzalez Fernandez,J-Gonzalez Santamartina,J San Juan 2008}) 9. Qd1 (9. exd4 Bxa4) 9... Nxf3+ 10. gxf3 Bc6 11. Qe2 Qe7 12. O-O Bxc3 13. bxc3 Qc5 14. Bf4 e5 15. Bg5 e4 16. f4 Nd5 17. Bxd5 Qxd5 18. Rfd1 Qf5 {aiming for ...h5.} 19. Rd4 O-O 20. Rad1 Rae8 21. Kh1 h6 22. Bh4 Re6 23. Rg1 Kh7 24. Qg4 Qxg4 25. Rxg4 f5 26. Rg1 Rf7 27. Rgd1 Bb5 28. c4 (28. Rb1 $17 Be2 29. Rb2) 28... c5 $19 29. Rd5 Bxc4 30. Rxc5 Bxa2 31. Ra5 (31. Bd8 {keeps fighting.}) 31... Bc4 32. Rxa7 {[#]} Be2 $1 {[%cal Re2d1]} 33. Rb1 Rg6 {[%cal Re2f3]} 34. Bg3 h5 35. h4 Ra6 (35... Ba6 $17 36. Kg2 Rd6) 36. Raxb7 $11 Rxb7 37. Rxb7 {[%mdl 4096] Endgame KRB-KRB} Bf3+ 38. Kh2 Ra1 {[%csl Gf3][%cal Ra1h1]} 39. Kh3 Rg1 40. Rc7 Kg6 41. Rc6+ Kf7 42. Rb6 Ke7 43. Rg6 Kd7 44. Rb6 Kc7 45. Rg6 Kb7 46. Rd6 Rh1+ 47. Bh2 Rf1 48. Bg3 Rc1 49. Rg6 Rd1 50. Re6 Rd7 51. Kh2 Be2 (51... Kc7 {is more complex.} 52. Rg6 Kd8 53. Kh3 Be2 54. Kg2 Rc7) 52. Rg6 Kc7 53. Kg2 Kd8 54. Kh2 Ke8 55. Kg2 Kf7 56. Rb6 Rc7 57. Kh2 Bc4 58. Kg2 Bd5 59. Rd6 Rc5 60. Rb6 Bc6 61. Kf1 Ke6 62. Ke2 Kd5 63. Kd2 Ra5 64. Rb2 Bb5 65. Rc2 Bc4 66. Rb2 Kc5 67. Rb7 g6 68. Kc3 Ra3+ 69. Kb2 Rd3 70. Kc2 Bb5 71. Rb8 Ba4+ 72. Kb2 Kc4 73. Rb7 Rd2+ 74. Ka3 {Threatens to win with Rb4+.} Bc6 75. Rc7 Kb5 {White must now prevent ...Bd5.} 76. Kb3 $1 Rd3+ 77. Kc2 Bd5 78. Rc3 Bc4 79. Rxd3 exd3+ {KB-KB} 80. Kd2 Kc5 81. f3 Kd5 82. Bf2 Ba6 83. e4+ (83. Kc3 $11) 83... fxe4 $17 {Black is better.} 84. fxe4+ Kxe4 85. Bb6 Kxf4 86. Bd8 Ke5 {Accuracy: White = 49%, Black = 59%.} 1/2-1/2

[Event "SuperChess Cup Rapid 2019"]
[Site "Bucharest"]
[Date "2019.11.07"]
[Round "5.4"]
[White "Gavrilescu, David"]
[Black "Cosma, Elena-Luminita"]
[Result "1-0"]
[WhiteElo "2451"]
[BlackElo "2313"]
[Annotator "RC"]
[PlyCount "73"]
[EventDate "2019.11.06"]
[EventType "tourn"]
[EventCountry "ROU"]
[SourceTitle "playchess.com"]
[Source "ChessBase"]
[SourceQuality "1"]
[TimeMode "Bronstein"]
[TimeControl "1500+10"]

1. e4 {[%emt 0:00:00]} e6 {[%emt 0:00:00]} 2. d4 {[%emt 0:00:00]} d5 {[%emt 0:00:00]} 3. Nc3 {[%emt 0:00:00]} Bb4 {[%emt 0:00:00]} 4. e5 {[%emt 0:00:00]} c5 {[%emt 0:00:00]} 5. a3 {[%emt 0:00:00]} Bxc3+ {[%emt 0:00:00]} 6. bxc3 {[%emt 0:00:00]} Qc7 {[%emt 0:00:00]} 7. Qg4 {[%emt 0:00:08]} f5 {[%emt 0:00:00]} 8. Qg3 {[%emt 0:00:41]} Ne7 {[%emt 0:00:00]} 9. Be2 {[%emt 0:02:48]} O-O {[%emt 0:00:00]} 10. Nh3 {[%emt 0:00:30]} Nbc6 {[%emt 0:00:53]} 11. Qe3 {[%emt 0:01:40]} f4 {[%emt 0:00:52]} 12. Qd2 {[%emt 0:00:14]} Nf5 {[%emt 0:00:15]} 13. dxc5 {[%emt 0:00:48]} f3 {[%emt 0:01:18]} 14. Bxf3 {[%emt 0:02:48]} Qxe5+ {[%emt 0:00:10]} 15. Be2 {[%emt 0:01:13]} d4 {[%emt 0:00:10]} 16. Bb2 {[%emt 0:00:24]} Rd8 {[%emt 0:02:12]} 17. Kf1 {[%emt 0:02:01]} Qxc5 {[%emt 0:01:46]} 18. Re1 {[%emt 0:02:52]} e5 {[%emt 0:01:20]} 19. Bd3 {[%emt 0:00:10]} Be6 {[%emt 0:01:04]} 20. Ng5 {[%emt 0:00:37]} Bc4 {[%emt 0:00:29]} 21. Kg1 {[%emt 0:00:21]} Rf8 {[%emt 0:02:11]} 22. cxd4 {[%emt 0:01:23]} exd4 {[%emt 0:02:48]} 23. h4 {[%emt 0:00:24]} Rae8 {[%emt 0:03:49]} 24. Rh3 {[%emt 0:01:09]} h6 {[%emt 0:02:54]} 25. Ne4 {[%emt 0:01:18]} Qb5 {[%emt 0:00:10]} 26. g4 {[%emt 0:00:24]} Bxd3 {[%emt 0:00:19]} 27. cxd3 {[%emt 0:00:10]} Nd6 {[%emt 0:00:48]} 28. Nxd6 {[%emt 0:00:22]} Rxe1+ {[%emt 0:00:10]} 29. Qxe1 {[%emt 0:00:10]} Qxb2 {[%emt 0:00:10]} 30. g5 {[%emt 0:01:12]} Ne5 {[%emt 0:01:16]} 31. gxh6 {[%emt 0:00:35]} g6 {[%emt 0:00:10]} 32. Nc4 {[%emt 0:00:35]} Nxc4 {[%emt 0:01:19]} 33. dxc4 {[%emt 0:00:36]} d3 {[%emt 0:00:10]} 34. Rxd3 {[%emt 0:00:19]} Qf6 {[%emt 0:00:17]} 35. Qe3 {[%emt 0:01:45]} Qxh4 {[%emt 0:00:51]} 36. Qe6+ {[%emt 0:00:57]} Kh7 {[%emt 0:00:10]} 37. Qd7+ {[%emt 0:00:11]} 1-0

[Event "SuperChess Cup Rapid 2019"]
[Site "Bucharest"]
[Date "2019.11.07"]
[Round "5.5"]
[White "Deac, Bogdan-Daniel"]
[Black "Peptan, Corina-Isabela"]
[Result "1-0"]
[WhiteElo "2613"]
[BlackElo "2371"]
[Annotator "TA"]
[PlyCount "89"]
[EventDate "2019.11.06"]
[EventType "tourn"]
[EventCountry "ROU"]
[SourceTitle "playchess.com"]
[Source "ChessBase"]
[SourceQuality "1"]

{[%evp 9,89,8,11,0,22,23,33,23,35,35,63,31,30,26,8,15,47,44,52,48,40,22,41,19,22,7,112,89,95,65,99,63,121,66,104,67,67,54,113,88,81,63,81,94,51,76,156,161,166,157,154,162,156,80,91,82,84,51,45,14,28,30,27,25,22,18,25,0,32,24,144,145,161,213,597,587,714,743,1107,1027,29987,29988]} 1. Nf3 d5 2. e3 Nf6 3. c4 c6 4. Nc3 e6 5. b3 Bd6 6. Bb2 {A11: English Opening: 1...c6} a6 (6... O-O 7. d4 Nbd7 8. Be2 b6 9. O-O Bb7 10. Qc2 Qe7 11. Rad1 Rfe8 12. Rfe1 Rad8 13. g3 Bb4 14. a3 Bd6 15. b4 dxc4 16. e4 e5 17. Bxc4 exd4 18. Nxd4 Ne5 19. Nf5 Nf3+ 20. Kh1 Qf8 {½-½ (54) Maghsoodloo,P (2671)-Saric,I (2694) Malmo 2019}) 7. d4 b5 8. Bd3 {White is slightly better.} Nbd7 9. O-O Rb8 10. Qe2 O-O 11. e4 $146 ({Predecessor:} 11. Rac1 Re8 12. Rfd1 bxc4 13. bxc4 {0-1 (27) Wirthensohn,H (2420)-Seret,J (2365) Luxembourg 1981}) 11... bxc4 12. bxc4 {Strongly threatening e5.} dxc4 13. Bxc4 {Black must now prevent e5.} e5 14. Rad1 {Threatens to win with dxe5.} Qe7 15. Bb3 c5 $1 16. d5 Nh5 $1 17. g3 g6 (17... Nb6 $1 $11) 18. Nd2 $36 {[%mdl 2048] White has strong initiative.} Nb6 19. a4 {[%cal Ba2a4,Ba4a5][%mdl 32]} Qg5 20. a5 {And now h4 would win.} Na8 ({Black should play} 20... c4 $14) 21. Kh1 (21. Rb1 $16) 21... Bh3 22. Rg1 Nc7 23. Bc1 Bg4 (23... Bd7 $14) 24. f3 Bd7 25. Nc4 Qe7 $1 26. Nb6 Nb5 27. Qd3 Nxc3 (27... Nd4 $142) 28. Qxc3 Bb5 29. Bh6 Rfd8 30. Bc4 Bc7 31. Be3 (31. Bxb5 $142 axb5 32. Be3) 31... Bxb6 32. axb6 Rxb6 33. Rc1 Rc8 $1 34. Rgd1 Qd6 35. Bd3 (35. Rd2 {seems wilder.} Nf6 36. Ba2 Nd7 37. Qa3 Rbb8 38. Rf2) 35... Bxd3 36. Rxd3 {[%cal Re3c5]} Rb5 37. Qc4 Nf6 38. Ra3 Nd7 39. Rca1 Nb8 (39... Qf6 $11 {remains equal.}) 40. Rxa6 $1 {[%mdl 64] [#] Remove Defender} Nxa6 41. Qxb5 Nb8 $2 (41... Nb4 {is tougher.} 42. Qc4 Qb6) 42. Ra7 $18 Qf6 43. Kg2 c4 44. Qb7 Rd8 {[#]} 45. Bg5 $1 {[%mdl 576] Skewer. Accuracy: White = 57%, Black = 35%.} 1-0

[Event "SuperChess Cup Rapid 2019"]
[Site "Bucharest"]
[Date "2019.11.07"]
[Round "6.1"]
[White "Istratescu, Andrei"]
[Black "Peptan, Corina-Isabela"]
[Result "1-0"]
[WhiteElo "2564"]
[BlackElo "2371"]
[Annotator "TA"]
[PlyCount "121"]
[EventDate "2019.11.06"]
[EventType "tourn"]
[EventCountry "ROU"]
[SourceTitle "playchess.com"]
[Source "ChessBase"]
[SourceQuality "1"]

{[%evp 14,121,52,39,40,4,47,50,48,41,44,33,58,46,41,46,56,58,75,66,76,72,52,52,109,45,45,45,41,53,43,38,39,0,3,0,0,0,0,0,0,0,0,0,0,0,0,15,17,17,85,82,107,0,213,0,0,0,0,0,0,0,0,0,0,0,0,0,0,0,2,0,0,0,0,0,0,0,0,0,0,0,711,0,12845,12846,12846,12847,12847,12847,12848,12848,12849,12849,12850,12850,12850,12851,12851,12851,12851,12851,12851,12851,12851,27999,12851,12851,12851,27999]} 1. e4 c5 2. Nf3 e6 3. d4 cxd4 4. Nxd4 Nc6 5. Nc3 a6 6. Nxc6 bxc6 7. Bd3 e5 8. O-O Nf6 {B46: Sicilian: Taimanov: 5 Nc3 a6} 9. f4 d6 10. Kh1 (10. Qf3 Be7 11. fxe5 dxe5 12. Kh1 O-O 13. Qg3 Qc7 14. Bc4 Be6 15. Bxe6 fxe6 {0-1 (28) Wang,H (2638)-Liang,J (2467) China 2007}) 10... Be7 {White is slightly better.} 11. fxe5 dxe5 12. Be3 Be6 13. Na4 Qa5 $146 ({Predecessor:} 13... Nd7 14. Qe2 Qa5 {½-½ (59) Ootes,L (2376)-Otte,M (2244) Amsterdam 2011}) 14. b3 Nd7 15. Qe2 O-O 16. Bd2 Bb4 17. Bxb4 Qxb4 18. Bxa6 Nb6 ({Better is} 18... Nc5 $14 19. Nxc5 Qxc5) 19. Nxb6 (19. a3 $16 Qa5 20. Nxb6 Qxb6 21. Bd3) 19... Qxb6 $14 20. Bc4 Bxc4 21. Qxc4 ({Of course not} 21. bxc4 Ra4 $15) 21... Qb5 22. Qxb5 cxb5 23. a4 bxa4 24. Rxa4 Rxa4 25. bxa4 $11 {[%mdl 4096] Endgame KR-KR} Rc8 $1 26. Ra1 Rxc2 27. a5 Rc7 28. a6 {[#] Threatens to win with a7.} Ra7 29. Rb1 {[%cal Rb1b8]} g6 30. Rb6 Rc7 {[%cal Rc7c1]} 31. g4 Rc1+ (31... Kg7 $11) 32. Kg2 $16 Ra1 33. h4 (33. Kf2 $16) 33... h6 $2 {[#]} (33... h5 $11 {and Black is okay.}) 34. g5 $2 ({White should try} 34. Rb8+ $1 $18 Kg7 35. Ra8) 34... hxg5 $11 35. hxg5 Kf8 36. Kf3 Ra4 37. Ke3 Ke7 38. Kd3 Kd7 39. Rf6 Kc8 $1 40. Rxf7 {And now a7 would win.} (40. Rc6+ {feels hotter.} Kd7 41. Rb6 Kc7 42. Rb7+ Kc8 43. Ra7) 40... Rxa6 41. Re7 Ra5 42. Re6 Kd7 43. Rxg6 Ke7 44. Rf6 Ra4 45. Rf5 Ke6 46. Ke3 {Kf3 is the strong threat.} Ra3+ 47. Kf2 Ra4 $2 {[%mdl 8192]} (47... Rd3 $11) 48. Kf3 $18 {aiming for g6.} Ra3+ $2 {[%mdl 8192]} (48... Ra1 $11) 49. Kg4 Re3 50. Rf6+ Ke7 51. Kf5 Rg3 52. Re6+ Kf7 53. g6+ Kg7 54. Re7+ Kg8 55. Rxe5 Rf3+ 56. Kg4 Rf1 57. Re7 Rg1+ 58. Kf5 Rf1+ 59. Ke6 Rg1 60. g7 Rg6+ 61. Kd5 {Accuracy: White = 65%, Black = 65%.} (61. Kf5 $18 Rg2 62. Kf6 Rg6+ 63. Kf5) 1-0

[Event "SuperChess Cup Rapid 2019"]
[Site "Bucharest"]
[Date "2019.11.07"]
[Round "6.2"]
[White "Cosma, Elena-Luminita"]
[Black "Deac, Bogdan-Daniel"]
[Result "0-1"]
[WhiteElo "2313"]
[BlackElo "2613"]
[Annotator "TA"]
[PlyCount "82"]
[EventDate "2019.11.06"]
[EventType "tourn"]
[EventCountry "ROU"]
[SourceTitle "playchess.com"]
[Source "ChessBase"]
[SourceQuality "1"]

{[%evp 9,121,-2,4,0,5,4,30,16,19,-2,-2,-25,-16,-15,-4,-11,-2,0,0,-6,0,0,6,0,0,0,0,0,0,0,0,0,0,0,12,0,0,0,0,0,0,0,15,27,22,30,14,28,43,22,32,41,127,125,158,162,225,216,206,209,263,249,298,237,289,277,277,158,139,154,478,472,453,229,333,287,323,313,302,324,319,258,297,300,236,18,137,0,0,0,0,0,0,0,0,-25,0,-27,0,-9,0,0,0,-52,0,-48,0,-4,0,-60,-19,-18,-11,-49]} 1. d4 d5 2. c4 e6 3. Nf3 Nd7 4. Nbd2 Ngf6 5. e3 b6 6. b3 {D30: Queen's Gambit Declined: Systems without Nc3} Bb7 7. Bb2 g6 (7... Bd6 8. Bd3 Ne4 9. Rc1 O-O 10. O-O Qe7 11. Ne5 Nxd2 12. Qxd2 Nxe5 13. dxe5 Bb4 14. Qc2 h6 15. cxd5 Bxd5 16. e4 Bb7 17. Qxc7 Rfd8 18. Qxe7 Bxe7 {½-½ (31) Nakamura,H (2792)-Nepomniachtchi,I (2751) Saint Louis 2017}) 8. Bd3 {White has an edge.} Bg7 9. Rc1 c5 $146 ({Predecessor:} 9... O-O 10. O-O c5 11. dxc5 bxc5 12. Qe2 Qb8 13. cxd5 exd5 {1-0 (39) Kempinski,R (2619)-Vaganian,R (2614) Khanty-Mansiysk 2005}) 10. Bb1 O-O 11. O-O Rc8 12. Qe2 Rc7 13. dxc5 bxc5 14. Rfd1 a5 15. Ne5 Qe7 16. Ndf3 Ra8 17. Nxd7 Nxd7 18. Bxg7 Kxg7 19. cxd5 exd5 20. Bd3 Nf6 21. Bb5 Qe6 22. h3 Qb6 23. Rc2 Rd8 24. Rdc1 Ne4 25. Bd3 Nd6 26. Qd2 Rdc8 27. Qc3+ f6 28. Be2 Qb4 29. Nd4 {[%cal Bf3d4,Bd4e2,Be2f4][%mdl 32]} Kf7 ({Don't play} 29... cxd4 $6 30. Qxb4 Rxc2 31. Qxd6 $16) 30. Bf3 Qb6 ({Black should play} 30... Qxc3 $14 31. Rxc3 h5) 31. Ne2 $16 Nf5 32. Bg4 Rg8 (32... Qb4 $142 33. Qd3 Qe4 34. Qxe4 dxe4 35. Bxf5 gxf5) 33. Bxf5 $18 gxf5 34. Nf4 Re8 35. Qd3 Re5 36. Qe2 Kg7 37. Qf3 Kh8 38. Qg3 (38. Qh5 $18) 38... Rg7 39. Qh4 d4 $2 {[#]} (39... Re8 $16 {is a better chance.}) 40. exd4 $1 Re4 41. Rxc5 (41. dxc5 $142 Qc6 42. f3) 41... Qd6 {Played: Rg7xg2} 0-1